Hawaii Airports - Statistics

General Stats
  • This quiz has been taken 11 times
  • The average score is 7 of 13
Answer Stats
Airport % Correct
Hilo
100%
Ellison Onizuka Kona
88%
Lihue
88%
Kahului
75%
Lanai
75%
Molokai
75%
Daniel K. Inouye
63%
Kalaupapa
50%
Hana
38%
Kapalua
38%
Waimea-Kohala
25%
Kalaeola
13%
MCAS Kaneohe Bay
13%
No matching quizzes found
Score Distribution
Percent of People with Each Score
Percentile by Number Answered
Your Score History
You have not taken this quiz